[Event "Polanica Zdroj op-B 47th"]
[Site "Polanica Zdroj"]
[Date "2011.??.??"]
[Round "3"]
[White "Korycki, Jozef"]
[Black "Feliksinski, Tadeusz"]
[Result "1-0"]
[WhiteElo "1672"]
[BlackElo "1786"]
[PlyCount "83"]
[EventDate "2011.08.18"]
[EventType "swiss"]
[EventRounds "9"]
[EventCountry "POL"]
[SourceTitle "CBM 144 Extra"]
[Source "ChessBase"]
[SourceDate "2011.10.28"]
[SourceVersion "1"]
[SourceVersionDate "2011.10.28"]
[SourceQuality "1"]

1. e4 e5 2. c4 Nf6 3. d3 Bc5 4. h3 Nc6 5. Nf3 h6 6. a3 a6 7. b4 Bd4 8. Ra2 d6 9. Be2 Be6 10. 0-0 b5 11. Nbd2 a5 12. bxa5 Nxa5 13. Nxd4 exd4 14. Rb2 bxc4 15. dxc4 0-0 16. Bd3 c5 17. f4 Qc7 18. f5 Bd7 19. Nf3 Nc6 20. Rbf2 Ne5 21. Nxe5 dxe5 22. Qf3 Qd6 23. g4 Nh7 24. h4 f6 25. Qg3 Qe7 26. Rg2 Kh8 27. Rh2 Kg8 28. Rff2 Rfb8 29. Bc2 Ba4 30. Qd3 Bc6 31. Rhg2 Ba4 32. Rg3 Bc6 33. Rfg2 Kf7 34. g5 hxg5 35. hxg5 Nxg5 36. Bxg5 fxg5 37. Rxg5 Rg8 38. Qf3 Kf8 39. Rg6 Be8 40. f6 Qc7 41. Rxg7 Rxg7 42. fxg7+ 1-0

[Event "Polanica Zdroj op-E 46th"]
[Site "Polanica Zdroj"]
[Date "2010.08.19"]
[Round "1"]
[White "Korycki, Jozef"]
[Black "Kwilecki, Andrzej"]
[Result "1/2-1/2"]
[WhiteElo "1667"]
[BlackElo "1917"]
[PlyCount "33"]
[EventDate "2010.08.19"]
[EventType "swiss"]
[EventRounds "10"]
[EventCountry "POL"]
[SourceTitle "CBM 138 Extra"]
[Source "ChessBase"]
[SourceDate "2010.10.29"]
[SourceVersion "1"]
[SourceVersionDate "2010.10.29"]
[SourceQuality "1"]

1. e4 e5 2. Nf3 Nc6 3. c4 Nf6 4. d3 Be7 5. h3 0-0 6. Nc3 d6 7. Be3 a6 8. a3 Bd7 9. Be2 Rb8 10. Qd2 Ne8 11. b4 f5 12. exf5 Bxf5 13. g4 Bd7 14. Nd5 Nf6 15. Rc1 Nd4 16. Nxd4 exd4 17. Bxd4 1/2-1/2

[Event "POL-ch disabled"]
[Site "Rowy"]
[Date "2009.09.02"]
[Round "3.28"]
[White "Korycki, Jozef"]
[Black "Kowalczyk, Henryk"]
[Result "1/2-1/2"]
[WhiteElo "1650"]
[BlackElo "1796"]
[PlyCount "55"]
[EventDate "2009.09.01"]
[EventType "swiss"]
[EventRounds "9"]
[EventCountry "POL"]
[SourceTitle "EXT 2023"]
[Source "ChessBase"]
[SourceDate "2022.10.05"]
[SourceVersion "1"]
[SourceVersionDate "2022.10.05"]
[SourceQuality "1"]

1. e4 c5 2. Nf3 Nc6 3. c3 Nf6 4. d3 d6 5. h3 g6 6. Be3 Bg7 7. Qc1 h6 8. Be2 Be6 9. a3 Qa5 10. Nbd2 Qc7 11. 0-0 g5 12. Nh2 Rb8 13. f3 Nh5 14. Rf2 Be5 15. Ng4 Bg3 16. Rf1 Nf4 17. Qd1 h5 18. Nf2 Qd7 19. Bxf4 Bxf4 20. Qe1 Bg3 21. Qd1 Bf4 22. Kh1 Ne5 23. d4 cxd4 24. cxd4 Ng6 25. d5 Bxh3 26. Nxh3 Be3 27. Nc4 Bf4 28. Qb3 1/2-1/2

[Event "Polanica Zdroj op Seniors 45th"]
[Site "Polanica Zdroj"]
[Date "2009.08.18"]
[Round "1"]
[White "Widera, Jan"]
[Black "Korycki, Jozef"]
[Result "1-0"]
[WhiteElo "2013"]
[BlackElo "1650"]
[PlyCount "79"]
[EventDate "2009.08.18"]
[EventType "swiss"]
[EventRounds "9"]
[EventCountry "POL"]
[SourceTitle "EXT 2012"]
[Source "ChessBase"]
[SourceDate "2011.11.24"]
[SourceVersion "1"]
[SourceVersionDate "2011.11.24"]
[SourceQuality "1"]

1. e4 e5 2. Nf3 Nc6 3. d4 exd4 4. Bc4 Be7 5. Nxd4 Ne5 6. Bb3 d6 7. 0-0 Nf6 8. Nc3 0-0 9. f4 Bg4 10. Qe1 Nc6 11. Be3 Nxd4 12. Bxd4 c5 13. Be3 Be6 14. Bxe6 fxe6 15. e5 Ng4 16. exd6 Qxd6 17. Rd1 Qc6 18. Bc1 Bf6 19. Ne4 Bd4+ 20. Kh1 Rad8 21. h3 Nh6 22. Ng5 Rde8 23. c3 Bf6 24. Ne4 Be7 25. Rd2 Nf5 26. Kh2 h6 27. Re2 Bd8 28. b3 b6 29. Qd1 Bc7 30. g3 a5 31. Qc2 b5 32. Ref2 Nd6 33. Nd2 Nf5 34. Nf3 Qb7 35. Re1 Qb6 36. Rfe2 Qc6 37. Qe4 Qxe4 38. Rxe4 Kf7 39. Ne5+ Bxe5 40. Rxe5 1-0

[Event "IPCA Wch-B 8th"]
[Site "Wisla"]
[Date "2007.05.16"]
[Round "2"]
[White "Korycki, Jozef"]
[Black "Jagiela, Piotr"]
[Result "0-1"]
[WhiteElo "1662"]
[BlackElo "1938"]
[PlyCount "90"]
[EventDate "2007.05.15"]
[EventType "swiss"]
[EventRounds "9"]
[EventCountry "POL"]
[SourceTitle "EXT 2011"]
[Source "ChessBase"]
[SourceDate "2010.11.26"]
[SourceVersion "1"]
[SourceVersionDate "2010.11.26"]
[SourceQuality "1"]

1. e4 d6 2. d4 g6 3. Be3 Bg7 4. Nc3 b6 5. Nf3 Bb7 6. Bd3 e6 7. 0-0 Ne7 8. Qc1 0-0 9. Bh6 Nd7 10. Bxg7 Kxg7 11. Re1 Rc8 12. Qe3 c5 13. Bb5 a6 14. Bxd7 Qxd7 15. dxc5 bxc5 16. Rad1 Qc7 17. h3 Rcd8 18. b3 e5 19. Nd2 f5 20. Qd3 Rf6 21. f3 Rdf8 22. Nc4 fxe4 23. fxe4 Nc8 24. Ne3 Nb6 25. a4 Qf7 26. a5 Nc8 27. Ng4 Rf4 28. Rf1 Rxf1+ 29. Rxf1 Qxf1+ 30. Qxf1 Rxf1+ 31. Kxf1 Ne7 32. Ne3 Kf7 33. Kf2 Ke6 34. g4 h6 35. Kf3 Nc6 36. Ne2 Nxa5 37. h4 Nc6 38. c3 Ne7 39. Ng3 d5 40. exd5+ Nxd5 41. Nxd5 Bxd5+ 42. Ne4 h5 43. Ke3 Bxe4 44. Kxe4 hxg4 45. Ke3 g3 0-1

[Event "IPCA Wch-B 8th"]
[Site "Wisla"]
[Date "2007.05.15"]
[Round "1"]
[White "Korycki, Jozef"]
[Black "Usoltsev, Dmitry"]
[Result "0-1"]
[WhiteElo "1662"]
[BlackElo "2127"]
[PlyCount "66"]
[EventDate "2007.05.15"]
[EventType "swiss"]
[EventRounds "9"]
[EventCountry "POL"]
[SourceTitle "EXT 2011"]
[Source "ChessBase"]
[SourceDate "2010.11.26"]
[SourceVersion "1"]
[SourceVersionDate "2010.11.26"]
[SourceQuality "1"]

1. e4 c5 2. Nf3 e6 3. Nc3 Nc6 4. Bb5 Nge7 5. 0-0 a6 6. Be2 g6 7. d4 cxd4 8. Nxd4 Bg7 9. Be3 0-0 10. a3 Qc7 11. Qd2 b5 12. Rad1 Bb7 13. b4 Rac8 14. Ncxb5 axb5 15. Nxb5 Qb8 16. Bh6 d5 17. Bxg7 Kxg7 18. exd5 Nxd5 19. c4 Nf4 20. Bf3 e5 21. Rfe1 Rcd8 22. Qc3 f6 23. Bd5 Ne7 24. Bxb7 Rxd1 25. Bf3 Rd3 26. Qb2 Rfd8 27. a4 Rd2 28. Qb1 Qc8 29. c5 R8d3 30. Be4 Qg4 31. Kf1 Rd1 32. Qc2 R3d2 33. Qc4 Rxe1+ 0-1